000 00372 a2200169 4500
001 185762
020 _a85-322-3897-1
040 _cMagnum
100 _aBandeira, Pedro
240 1 0 _aVelhinho entalado na chaminé
_lpor
245 1 0 _aVelhinho entalado na chaminé
300 _a45
362 0 _a1998
440 1 _aFTD
697 _aLITERATURA INFANTO
942 _cBK
999 _c185762
_d185762